[Event "Geraldo"]
[Site "http://www.queenalice.com/game.php?id=49565"]
[Date "2006.1.26"]
[Round "-"]
[White "gerajpb"]
[Black "JohnnyGomez"]
[Result "1-0"]
[WhiteElo "1656"]
[BlackElo "1791"]

1. e4 e5 2. Nf3 Nc6 3. d4 exd4 4. Nxd4 Nf6 5. Bg5 d6 6. Nc3 Be7 7. Qd2 Be6 8.
Nxe6 fxe6 9. Bb5 a6 10. Bc4 Qd7 11. Rd1 O-O 12. O-O Ne5 13. Bb3 c6 14. f4 Nf7
15. Bxf6 Bxf6 16. e5 Be7 17. exd6 Bxd6 18. Ne4 Rad8 19. Nxd6 Qxd6 20. Qxd6 Rxd6
21. Rxd6 Nxd6 22. Bxe6+ Kh8 23. Rd1 Rd8 24. c4 c5 25. g4 a5 26. b3 g6 27. a3 Kg7
28. g5 Nf7 29. Rxd8 Nxd8 30. Bd5 b6 31. Kf2 Kf8 32. Ke3 Ke7 33. Ke4 Ne6 34. Bxe6
Kxe6 35. h4 1-0

[Event "Challenge"]
[Site "http://www.queenalice.com/game.php?id=51503"]
[Date "2006.2.7"]
[Round "-"]
[White "JohnnyGomez"]
[Black "cachoremaggi"]
[Result "1-0"]
[WhiteElo "1500"]
[BlackElo "1561"]

1. e4 c6 2. d4 d5 3. Nc3 e6 4. e5 f6 5. Nf3 Ne7 6. Bd3 Qb6 7. O-O Nf5 8. Bxf5
exf5 9. Re1 c5 10. exf6+ Kf7 11. Ne5+ Kg8 12. f7# 1-0

[Event "Challenge"]
[Site "http://www.queenalice.com/game.php?id=52751"]
[Date "2006.2.13"]
[Round "-"]
[White "Mayaune"]
[Black "JohnnyGomez"]
[Result "0-1"]
[WhiteElo "1527"]
[BlackElo "1744"]

1. e4 e5 2. Nf3 Nc6 3. Bc4 Bc5 4. O-O Nf6 5. Nc3 d6 6. d3 Bg4 7. Bg5 h6 8. Bh4
g5 9. Bg3 Nd4 10. Nd5 Nxd5 11. exd5 a5 12. h3 Bxf3 13. gxf3 b5 14. Bb3 a4 15. c3
Nf5 16. Bc2 Nxg3 17. d4 Nxf1 18. dxc5 dxc5 19. Qxf1 c4 20. Be4 Qd6 21. Qe2 Rf8
22. Rd1 f5 23. Bc2 f4 24. Be4 O-O-O 25. b3 Qa6 26. b4 Rd6 27. Qc2 Rdf6 28. Kg2
Qd6 29. a3 Kb8 30. Kh2 Rd8 31. Qb1 Qe7 32. Qc2 Rfd6 33. Kg2 c6 34. Kh2 cxd5 35.
Bf5 h5 36. Kg2 Qf7 37. Qe2 Qxf5 38. Kh2 d4 39. Qe4 Qxe4 0-1

[Event "Challenge"]
[Site "http://www.queenalice.com/game.php?id=54001"]
[Date "2006.2.21"]
[Round "-"]
[White "JohnnyGomez"]
[Black "Rafale2000"]
[Result "1-0"]
[WhiteElo "1712"]
[BlackElo "1709"]

1. e4 Nf6 2. Nc3 d5 3. e5 Nfd7 4. d4 c5 5. Nf3 cxd4 6. Qxd4 e6 7. Bb5 Nc6 8.
Bxc6 bxc6 9. O-O Bc5 10. Qd1 Ba6 11. Re1 Qb6 12. Be3 Qxb2 13. Na4 Qb5 14. c4
dxc4 15. Nxc5 Nxc5 16. Rb1 Qa5 17. Qd6 Nd3 18. Qxc6+ Ke7 19. Bg5+ f6 20. exf6+
1-0

[Event "Ganame si puedes"]
[Site "http://www.queenalice.com/game.php?id=54433"]
[Date "2006.2.23"]
[Round "-"]
[White "JohnnyGomez"]
[Black "Aachen"]
[Result "1-0"]
[WhiteElo "1651"]
[BlackElo "1589"]

1. e4 c5 2. Nf3 e6 3. d4 cxd4 4. Nxd4 Nf6 5. Nc3 Bb4 6. e5 Ne4 7. Qg4 Bxc3+ 8.
bxc3 Qc7 9. Qxg7 Qxc3+ 10. Ke2 Qxd4 11. Qxh8+ Ke7 12. Qxc8 Qxf2+ 13. Kd1 Qd4+
14. Bd3 Nf2+ 15. Ke2 Nxd3 16. Bg5+ f6 17. Bxf6+ Kf7 18. cxd3 Qg4+ 19. Ke3 Nc6
20. Qxa8 Qd4+ 21. Kf3 Qxd3+ 22. Kf2 Qd2+ 23. Kg3 Qe3+ 24. Kh4 Nd4 25. Raf1 Qe4+
26. g4 1-0

[Event "Challenge"]
[Site "http://www.queenalice.com/game.php?id=55710"]
[Date "2006.3.3"]
[Round "-"]
[White "Croftsy"]
[Black "JohnnyGomez"]
[Result "0-1"]
[WhiteElo "1487"]
[BlackElo "1654"]

1. d4 d5 2. Nc3 Nf6 3. e3 e6 4. Bd3 Bb4 5. a3 Bxc3+ 6. bxc3 Nc6 7. c4 O-O 8. c5
e5 9. c3 e4 10. Bc2 b5 11. cxb6 cxb6 12. a4 a5 13. Ba3 Re8 14. Ne2 Bg4 15. O-O
Nh5 16. h3 Bc8 17. Nf4 Nxf4 18. exf4 Qf6 19. Bc1 Qg6 20. g4 h5 21. f5 Bxf5 22.
f3 Rac8 23. Bb3 exf3 24. Ra2 Bxg4 25. hxg4 Qxg4+ 26. Kh1 Re2 27. Rg1 Qh3# 0-1

[Event "Challenge"]
[Site "http://www.queenalice.com/game.php?id=55920"]
[Date "2006.3.5"]
[Round "-"]
[White "JohnnyGomez"]
[Black "Rafale2000"]
[Result "1-0"]
[WhiteElo "1693"]
[BlackElo "1752"]

1. e4 Nf6 2. e5 Nd5 3. d4 d6 4. c4 Nb6 5. f4 dxe5 6. fxe5 Nc6 7. Be3 Bf5 8. Nc3
e6 9. Nf3 Nb4 10. Rc1 Be7 11. a3 Nc6 12. d5 exd5 13. cxd5 Na5 14. Bxb6 axb6 15.
b4 O-O 16. bxa5 Rxa5 17. a4 Bb4 18. Be2 Bxc3+ 19. Rxc3 Rxd5 20. Qc1 c6 21. Kf2
Bg4 22. Re1 Re8 23. Bc4 Bxf3 24. Rxf3 Rd2+ 25. Kg1 Re7 26. Ref1 1-0

[Event "Challenge"]
[Site "http://www.queenalice.com/game.php?id=56535"]
[Date "2006.3.9"]
[Round "-"]
[White "ulises"]
[Black "JohnnyGomez"]
[Result "1-0"]
[WhiteElo "1742"]
[BlackElo "1702"]

1. e4 e5 2. Nf3 Nc6 3. Bc4 Bc5 4. O-O d6 5. h3 h5 6. d3 Bg4 7. hxg4 hxg4 8. Ng5
g3 9. Bxf7+ Ke7 10. Be3 Nf6 11. Qf3 Qf8 12. Qxg3 1-0

[Event "Challenge"]
[Site "http://www.queenalice.com/game.php?id=57759"]
[Date "2006.3.16"]
[Round "-"]
[White "alvishope1"]
[Black "JohnnyGomez"]
[Result "0-1"]
[WhiteElo "1300"]
[BlackElo "1744"]

1. e4 e5 2. f4 exf4 3. Nf3 g5 4. h4 g4 5. Ne5 d5 6. exd5 Qxd5 7. d4 Nc6 8. Nxc6
Qxc6 9. Bxf4 Bf5 10. c3 Bh6 11. Qe2+ Kd7 12. Qf2 Qe4+ 0-1

[Event "Challenge"]
[Site "http://www.queenalice.com/game.php?id=65633"]
[Date "2006.4.25"]
[Round "-"]
[White "JohnnyGomez"]
[Black "luxitan"]
[Result "1-0"]
[WhiteElo "1788"]
[BlackElo "1567"]

1. e4 e5 2. Nf3 d6 3. d4 Nc6 4. dxe5 dxe5 5. Bb5 a6 6. Qxd8+ Kxd8 7. Bxc6 bxc6
8. Nxe5 Be6 9. Nxc6+ Kc8 10. O-O Nf6 11. f3 Bc5+ 12. Kh1 Re8 13. Nc3 Bc4 14. Rd1
Bb5 15. Nxb5 axb5 16. b4 Kb7 17. Na5+ Ka6 18. a3 Red8 19. Bf4 Bd4 20. Rab1 Bb2
21. Nc6 Rd7 22. Rxd7 Nxd7 23. Rxb2 Kb6 24. Na5 c5 25. c3 Nf6 26. Rd2 Nh5 27. Be3
Rc8 28. Rd6+ Kc7 29. Bxc5 Nf6 30. Rc6+ Kd7 31. Rxc8 Kxc8 32. Nb3 Nd7 33. Nd4
Nxc5 34. bxc5 Kc7 35. Kg1 g6 36. g4 1-0

[Event "Challenge"]
[Site "http://www.queenalice.com/game.php?id=65768"]
[Date "2006.4.28"]
[Round "-"]
[White "JohnnyGomez"]
[Black "paulmaster"]
[Result "1-0"]
[WhiteElo "1761"]
[BlackElo "1669"]

1. e4 c5 2. Nf3 Nc6 3. d4 cxd4 4. Nxd4 Nf6 5. Nc3 a6 6. Bc4 Ne5 7. Bb3 e6 8. f4
Nc6 9. e5 Nh5 10. Be3 Nxd4 11. Qxd4 Qh4+ 12. Kd2 g6 13. g3 Qe7 14. g4 Ng7 15.
Kc1 h5 16. Ne4 Qb4 17. Nf6+ Kd8 18. Qxb4 Bxb4 19. Bb6+ Ke7 20. c3 Bd6 21. exd6+
Kxf6 22. Bd4+ 1-0

[Event "Challenge"]
[Site "http://www.queenalice.com/game.php?id=70107"]
[Date "2006.5.20"]
[Round "-"]
[White "JohnnyGomez"]
[Black "dim_weasel"]
[Result "1-0"]
[WhiteElo "1800"]
[BlackElo "1770"]

1. e4 d6 2. d4 g6 3. Nc3 Bg7 4. Be3 a6 5. Qd2 b5 6. Nf3 Bb7 7. Bd3 Nd7 8. d5 c5
9. Kf1 Ngf6 10. Bh6 O-O 11. Bxg7 Kxg7 12. a3 Ng4 13. h4 Nge5 14. Nxe5 Nxe5 15.
h5 Nxd3 16. hxg6 hxg6 17. Qh6+ Kf6 18. e5+ Nxe5 19. Ne4+ Kf5 20. Ng3+ Kf6 21.
Nh5+ 1-0

[Event "Challenge"]
[Site "http://www.queenalice.com/game.php?id=70856"]
[Date "2006.5.22"]
[Round "-"]
[White "JohnnyGomez"]
[Black "paulmaster"]
[Result "1/2-1/2"]
[WhiteElo "1786"]
[BlackElo "1803"]

1. e4 c5 2. Nf3 Nc6 3. d4 cxd4 4. Nxd4 Nf6 5. Nc3 e5 6. Ndb5 d6 7. Bg5 Be7 8.
Bxf6 gxf6 9. Nd5 O-O 10. Bd3 a6 11. Nbc3 Nd4 12. Nxe7+ Qxe7 13. Nd5 Qd8 14. c3
Ne6 15. Qh5 Nf4 16. Nxf4 exf4 17. Kd2 Qb6 18. Kc1 Qxf2 19. e5 Qe3+ 20. Kc2 Qf2+
21. Kb1 f5 22. Qg5+ Kh8 23. Qf6+ 1/2-1/2

[Event "Challenge"]
[Site "http://www.queenalice.com/game.php?id=75006"]
[Date "2006.6.8"]
[Round "-"]
[White "JohnnyGomez"]
[Black "franzjonas"]
[Result "1/2-1/2"]
[WhiteElo "1798"]
[BlackElo "1763"]

1. e4 e5 2. Nf3 Nc6 3. Bb5 Bd6 4. c3 Nf6 5. d3 O-O 6. b4 Qe7 7. a3 Ng4 8. Bg5
Qe6 9. h3 Nh6 10. Nh4 Be7 11. Bc4 Qd6 12. Bxh6 Qxh6 13. Nf5 Qg6 14. Kf1 Bf6 15.
Qg4 Qxg4 16. hxg4 Ne7 17. g5 Bxg5 18. Rh5 Bf6 19. Nxe7+ Bxe7 20. Rxe5 Bf6 21.
Rh5 d6 22. d4 Be6 23. Bd3 g6 24. Rh2 Bg7 25. Nd2 c5 26. d5 Be5 27. g3 Bxc3 28.
Rc1 Bxd2 29. Rc4 Bg4 30. f3 Bxb4 31. axb4 b5 32. Rc1 Bxf3 33. bxc5 dxc5 34. Rxc5
Rae8 35. Bxb5 Rxe4 36. Rf2 Re3 37. Ra2 Rd8 38. Kf2 Bxd5 39. Kxe3 Bxa2 40. Rc7 a5
41. Ra7 Rd5 42. Rxa5 Kg7 43. Rxa2 Rxb5 44. g4 Rb3+ 45. Kf4 h6 46. Ke4 Rg3 47.
Kf4 Rc3 48. Ke4 Rc4+ 49. Kf3 h5 50. gxh5 gxh5 51. Ra8 h4 52. Kg2 Kf6 53. Kh3 Kf5
54. Rh8 Kg5 55. Rg8+ Kh5 56. Rh8+ Kg6 57. Rg8+ Kh7 58. Rd8 Kg7 59. Re8 f5 60.
Re6 Rg4 61. Rd6 Kh7 62. Rf6 Rf4 63. Ra6 Kg7 64. Rd6 Re4 65. Rb6 Ra4 66. Rd6 Rb4
67. Re6 Rd4 68. Ra6 Kf7 69. Rh6 Rg4 70. Rxh4 Rg7 71. Rh6 Rg6 72. Rxg6 Kxg6 73.
Kg2 f4 74. Kf3 Kf5 75. Kf2 Ke4 76. Ke2 f3+ 77. Kf2 1/2-1/2

[Event "Challenge"]
[Site "http://www.queenalice.com/game.php?id=76466"]
[Date "2006.6.14"]
[Round "-"]
[White "JohnnyGomez"]
[Black "azad_m"]
[Result "1-0"]
[WhiteElo "1825"]
[BlackElo "1394"]

1. e4 e5 2. Nf3 Nc6 3. Bb5 Nf6 4. O-O Nxe4 5. d4 exd4 6. Re1 Be7 7. Rxe4 O-O 8.
Nxd4 Nxd4 9. Qxd4 Bf6 10. Qd1 c6 11. Bd3 d5 12. Re1 Qb6 13. c3 Bh4 14. g3 Bf6
15. Qc2 g6 16. b4 Bh3 17. Nd2 Rfe8 18. Rxe8+ Rxe8 19. Bb2 Qc7 20. Bf1 Bg4 21. c4
d4 22. c5 Bf5 23. Qd1 h5 24. Nc4 Rd8 25. Nd6 Be6 26. Bxd4 Bxd4 27. Qxd4 b6 28.
Bc4 Bxc4 29. Qxc4 Rf8 30. Re1 Qd7 31. Qe4 bxc5 32. bxc5 Kh7 33. Qe7 Qxe7 34.
Rxe7 Kg7 35. Rxa7 Kf6 36. Ra6 Ke5 37. Rxc6 f5 38. f4+ Kd5 39. Rc8 Rf6 40. a4 Re6
41. Kf2 Re7 42. Nb5 Re4 43. Nc3+ Kd4 44. Nxe4 fxe4 45. Ke2 e3 46. a5 1-0

[Event "Challenge"]
[Site "http://www.queenalice.com/game.php?id=82630"]
[Date "2006.7.5"]
[Round "-"]
[White "XadrezPirai"]
[Black "JohnnyGomez"]
[Result "1/2-1/2"]
[WhiteElo "2067"]
[BlackElo "1861"]

1. e4 e5 2. f4 exf4 3. Nf3 d5 4. exd5 Nf6 5. c4 c6 6. dxc6 Nxc6 7. Nc3 Bc5 8.
Qe2+ Qe7 9. Nb5 Qxe2+ 10. Bxe2 O-O 11. d4 Bb4+ 12. Kf1 a6 13. Nc7 Ra7 14. Bxf4
Ba5 15. d5 Nh5 16. Be3 Bxc7 17. dxc6 Ra8 18. Nd4 Re8 19. Bxh5 Rxe3 20. Kf2 Rd3
21. cxb7 Bxb7 22. Rad1 Rxd4 23. Rxd4 Bb6 24. Rd1 Rd8 25. Ke3 Re8+ 26. Kf4 Bc7+
27. Kg5 Bxg2 28. R1d2 h6+ 29. Kg4 Bc6 30. Kh4 g5+ 31. Kg4 Re5 32. Rf2 Bb6 33. c5
Rxc5 34. Rxf7 Rc1 35. Rd2 Rg1+ 36. Kf5 Rf1+ 37. Ke6 Re1+ 38. Kd6 Rc1 39. Rf6 Bb5
40. b4 Be3 41. Rg2 Rc6+ 42. Ke7 Rc7+ 43. Kd8 Rd7+ 44. Kc8 Rd4 45. a3 Kg7 46.
Rg6+ Kh7 47. Rc2 Bf4 48. Rb6 Kg7 49. Rb7+ Kh8 50. Re7 Bd6 51. Rf7 Bc4 52. Rf6
Bd3 53. Rc6 Bxh2 54. Rce6 Rf4 55. Rxh6+ Kg7 56. Kb7 Rh4 57. Rhg6+ Bxg6 58. Rxg6+
Kh7 59. Rxg5 Bd6 60. Kxa6 Bxb4 61. axb4 Rxb4 62. Ka5 Kh6 1/2-1/2

[Event "Challenge"]
[Site "http://www.queenalice.com/game.php?id=83231"]
[Date "2006.7.6"]
[Round "-"]
[White "Master"]
[Black "JohnnyGomez"]
[Result "0-1"]
[WhiteElo "1251"]
[BlackElo "1798"]

1. e4 e5 2. Nf3 Nc6 3. Bb5 a6 4. Ba4 b5 5. Bb3 Bc5 6. O-O Nf6 7. c3 d6 8. d4
exd4 9. cxd4 Bb6 10. h3 O-O 11. Nc3 Na5 0-1

[Event "Challenge"]
[Site "http://www.queenalice.com/game.php?id=105580"]
[Date "2006.9.13"]
[Round "-"]
[White "marcosweck"]
[Black "JohnnyGomez"]
[Result "0-1"]
[WhiteElo "1785"]
[BlackElo "1796"]

1. e4 e5 2. Nf3 Nc6 3. b3 Bc5 4. Bb2 d6 5. Bc4 Bg4 6. h3 Bxf3 7. gxf3 Nf6 8. Rg1
g6 9. Nc3 Bd4 10. Qe2 Nb4 11. Bd3 Nh5 12. a3 Nf4 13. Qf1 Nfxd3+ 14. cxd3 Nc2+
15. Ke2 Nxa1 16. Qxa1 c6 17. Nd1 Qb6 18. b4 a5 19. Bxd4 Qxd4 20. Qb1 axb4 21.
Qxb4 Qxb4 22. axb4 Ra1 23. Rg4 Ke7 24. f4 f6 25. fxe5 dxe5 26. Nc3 b5 27. f3 g5
28. Ke3 h5 29. Rg2 h4 30. d4 exd4+ 31. Kxd4 Ke6 32. Kc5 Rc8 33. Rh2 Rf1 34. e5
Rxf3 35. exf6 Rxf6 36. Ne4 Rf5+ 37. Kd4 Rd8+ 38. Ke3 Rdd5 39. Nc5+ Rxc5 40. bxc5
Rxc5 41. d4 Rc3+ 42. Kd2 Rg3 43. Rh1 Kd5 44. Rc1 Rxh3 45. Rc5+ Kxd4 46. Rxc6
Rh2+ 47. Ke1 h3 48. Kf1 g4 49. Rg6 Rg2 50. Rh6 b4 51. Ke1 Kd3 52. Rd6+ Kc2 53.
Rc6+ Kb2 54. Kf1 b3 0-1

[Event "Challenge"]
[Site "http://www.queenalice.com/game.php?id=110724"]
[Date "2006.9.28"]
[Round "-"]
[White "JohnnyGomez"]
[Black "CWynn"]
[Result "1-0"]
[WhiteElo "1842"]
[BlackElo "1857"]

1. e4 e5 2. Nf3 Nc6 3. Bb5 a6 4. Ba4 Nf6 5. d4 b5 6. Bb3 Be7 7. c3 Nxe4 8. Qe2
d5 9. Nxe5 Nxe5 10. dxe5 h5 11. Be3 h4 12. Nd2 h3 13. g3 Nxd2 14. Bxd2 c5 15.
Rd1 d4 16. Bxf7+ 1-0

[Event "Challenge"]
[Site "http://www.queenalice.com/game.php?id=116148"]
[Date "2006.10.12"]
[Round "-"]
[White "JohnnyGomez"]
[Black "TheAlchemist"]
[Result "1-0"]
[WhiteElo "1816"]
[BlackElo "1968"]

1. e4 c5 2. Nf3 d6 3. d4 cxd4 4. Nxd4 Nf6 5. Nc3 a6 6. Bg5 e6 7. f4 Be7 8. Qf3
Qc7 9. O-O-O Nbd7 10. g4 b5 11. Bxf6 Nxf6 12. g5 Nd7 13. f5 Bxg5+ 14. Kb1 Ne5
15. Qh5 Qe7 16. Nxe6 Bxe6 17. fxe6 g6 18. exf7+ Kxf7 19. Qe2 Kg7 20. h4 Bh6 21.
Nd5 Qa7 22. Rh2 Rhf8 23. h5 Rac8 24. Bh3 Rce8 25. hxg6 hxg6 26. Bf5 a5 27. Rh3
b4 28. Rdh1 Rh8 29. Qh2 Nf7 30. Qg2 Ne5 31. Bxg6 Nxg6 32. Qh2 1-0